<?xml version="1.0" encoding="UTF-8"?>
<record
    xmlns:xsi="http://www.w3.org/2001/XMLSchema-instance"
    xsi:schemaLocation="http://www.loc.gov/MARC21/slim http://www.loc.gov/standards/marcxml/schema/MARC21slim.xsd"
    xmlns="http://www.loc.gov/MARC21/slim">

  <leader>00692nam a22001457a 4500</leader>
  <datafield tag="999" ind1=" " ind2=" ">
    <subfield code="c">533252</subfield>
    <subfield code="d">533252</subfield>
  </datafield>
  <controlfield tag="008">260505b           ||||| |||| 00| 0 eng d</controlfield>
  <datafield tag="100" ind1=" " ind2=" ">
    <subfield code="a">Bandopadhyay, Shrestha</subfield>
    <subfield code="9">60374</subfield>
  </datafield>
  <datafield tag="245" ind1=" " ind2=" ">
    <subfield code="a">Re-imagining the aged body: Care, agency, and the question of representation</subfield>
  </datafield>
  <datafield tag="260" ind1=" " ind2=" ">
    <subfield code="a">Economic &amp; Political Weekly  </subfield>
  </datafield>
  <datafield tag="300" ind1=" " ind2=" ">
    <subfield code="a">61(16), Apr 18, 2026: p.24-25</subfield>
  </datafield>
  <datafield tag="520" ind1=" " ind2=" ">
    <subfield code="a">Cultures of Ageing and Ageism in India edited by Paromita Chakravarti and Kaustav Bakshi, New Delhi: Routledge, 2024; pp 269, &#x20B9;1,295 (Hardcover).-Reproduced 

https://www.epw.in/journal/2026/16/book-reviews/re-imagining-aged-body.html
</subfield>
  </datafield>
  <datafield tag="773" ind1=" " ind2=" ">
    <subfield code="a">Economic &amp; Political Weekly  </subfield>
  </datafield>
  <datafield tag="906" ind1=" " ind2=" ">
    <subfield code="a">BOOK REVIEW </subfield>
  </datafield>
  <datafield tag="942" ind1=" " ind2=" ">
    <subfield code="c">AR</subfield>
  </datafield>
  <datafield tag="952" ind1=" " ind2=" ">
    <subfield code="0">0</subfield>
    <subfield code="1">0</subfield>
    <subfield code="2">ddc</subfield>
    <subfield code="4">0</subfield>
    <subfield code="7">0</subfield>
    <subfield code="9">408422</subfield>
    <subfield code="a">IIPA</subfield>
    <subfield code="b">IIPA</subfield>
    <subfield code="d">2026-05-05</subfield>
    <subfield code="h">61(16), Apr 18, 2026: p.24-25</subfield>
    <subfield code="p">AR138764</subfield>
    <subfield code="r">2026-05-05</subfield>
    <subfield code="y">AR</subfield>
  </datafield>
</record>
